UM Logo

Taking sides : (Record no. 8041)

MARC details
000 -LEADER
fixed length control field 00778nam a2200193 4500
008 - FIXED-LENGTH DATA ELEMENTS--GENERAL INFORMATION
fixed length control field 171211b xxu||||| |||| 00| 0 eng d
020 ## - INTERNATIONAL STANDARD BOOK NUMBER
International Standard Book Number 0879678593
082 ## - DEWEY DECIMAL CLASSIFICATION NUMBER
Edition number 1990
Classification number DC 808.853
Item number T13
245 ## - TITLE STATEMENT
Title Taking sides :
Remainder of title Clashing views on controversial economic issues /
Statement of responsibility, etc. edited by Thomas R. Swartz and Frank J. Bonello
250 ## - EDITION STATEMENT
Edition statement Fifth edition.
260 ## - PUBLICATION, DISTRIBUTION, ETC. (IMPRINT)
Place of publication, distribution, etc. Guilford, CT :
Name of publisher, distributor, etc. Dushkin Pub. Group,
Date of publication, distribution, etc. ©1990.
300 ## - PHYSICAL DESCRIPTION
Extent xxvii, 350 pages :
Other physical details illustrations ;
Dimensions 24 cm.
500 ## - GENERAL NOTE
General note Includes bibliographical references and index.
650 #0 - SUBJECT ADDED ENTRY--TOPICAL TERM
9 (RLIN) 24805
Topical term or geographic name as entry element United States
General subdivision Economic policy
Chronological subdivision 1971-1981
650 #0 - SUBJECT ADDED ENTRY--TOPICAL TERM
9 (RLIN) 24806
Topical term or geographic name as entry element United States
General subdivision Economic policy
Chronological subdivision 1981-1993
700 ## - ADDED ENTRY--PERSONAL NAME
9 (RLIN) 24807
Personal name Swartz, Thomas R., editor.
700 ## - ADDED ENTRY--PERSONAL NAME
9 (RLIN) 24808
Personal name Bonello, Frank J., editor.
942 ## - ADDED ENTRY ELEMENTS (KOHA)
Source of classification or shelving scheme Dewey Decimal Classification
Koha item type Circulation
Holdings
Withdrawn status Lost status Source of classification or shelving scheme Damaged status Not for loan Collection code Home library Current library Date acquired Source of acquisition Total Checkouts Full call number Barcode Date last seen Copy number Price effective from Koha item type
    Dewey Decimal Classification     Circulation UM Digos College - LIC UM Digos College - LIC 04/26/1996 Purchased   DC 808.853 T13 1990 12021 05/15/2025 1 12/12/2017 Circulation